000 01579cam a2200349 a 4500
001 EDZ0000077650
003 StDuBDS
005 20161031105102.0
006 m||||||||d||||||||
007 cr |||||||||||
008 120418s2010 cau fo| 001|0|eng d
020 _a9781452219035 (ebook) :
_cNo price
040 _aStDuBDS
_beng
_cStDuBDS
_epn
049 _aAlfaisal Main Library
050 0 _aLB1731.4
_b.B58 2010
082 0 4 _a371.1
_223
100 1 _aBluestein, Jane.
245 1 0 _aBecoming a win-win teacher
_h[electronic resource] :
_bsurvival strategies for the beginning educator /
_cJane Bluestein.
260 _aThousand Oaks, Calif. :
_bCorwin ;
_aLondon :
_bSAGE,
_cc2010.
300 _a1 online resource (xi, 275 p.)
504 _aIncludes bibliographical references and index.
520 8 _aThis guide offers beginning teachers a balanced, positive framework for creating an effective, successful, and satisfying teaching experience. Bluestein shows how new and veteran teachers alike can use a win-win approach to teaching that involves thinking and planning in ways that take the needs of others into consideration.
521 _aSpecialized.
588 _aDescription based on print version record.
650 0 _aFirst year teachers
_zUnited States.
650 0 _aMentoring in education
_zUnited States.
655 7 _aElectronic books.
_2local
710 2 _aSage eBooks
776 0 8 _iPrint version :
_z9781412967495
856 4 0 _uhttp://ezproxy.alfaisal.edu/login?url=http://sk.sagepub.com/books/becoming-a-win-win-teacher
942 _2lcc
_cEBOOKS
999 _c479059
_d479059